| 000 | 00439nam a22001697a 4500 | ||
|---|---|---|---|
| 003 | OSt | ||
| 008 | 200706b ||||| |||| 00| 0 eng d | ||
| 082 | _a611 BAE | ||
| 100 | _aBansal, Rajpal | ||
| 245 | _aEssentials of Human Anatomy | ||
| 250 |
_aVol. 2nd _b2019 |
||
| 260 |
_aNew Delhi _bBirla Publications Pvt. Ltd. |
||
| 300 | _aPg. 476 | ||
| 650 | _aHuman Anatomy and Physiology | ||
| 700 | _aGupta ,Bansal, Desai | ||
| 942 |
_2ddc _cBK |
||
| 999 |
_c8705 _d8705 |
||